| 000 | 00790 a2200229 4500 | ||
|---|---|---|---|
| 003 | OSt | ||
| 005 | 20180116192351.0 | ||
| 008 | 110809t xxu||||| |||| 00| 0 eng d | ||
| 010 | _a 2001052758 | ||
| 020 | _a0631232648 (alk. paper) | ||
| 020 | _a0631232524 (pb. : alk. paper) | ||
| 040 | _c0 | ||
| 082 | 0 | 0 | _a307.120904 |
| 100 | 1 |
_aHall, Peter Geoffrey. _912 |
|
| 245 | 1 | 0 |
_aCities of tomorrow : _ban intellectual history of urban planning and design in the twentieth century / _cPeter Hall. |
| 250 | _a3rd ed. | ||
| 260 |
_aOxford, UK ; _aMalden, MA : _bBlackwell Publishers, _cc2002. |
||
| 300 | _ap. cm. | ||
| 650 | 0 |
_aCity planning _xHistory _y20th century. _913 |
|
| 942 |
_aSADA _cBK _k307.120904 HAL 2002 _2ddc |
||
| 999 |
_c352921 _d352921 |
||